Prueba de Suiza - Estadísticas

Estadísticas generales
  • Esta prueba ha sido intentada 3.370 veces
  • La puntuación promedio es 11 de 24
Estadísticas de respuestas
Pista Respuesta % Correcto
Capital Berna
97%
Idiomas oficiales Francés
97%
Idiomas oficiales Alemán
96%
Idiomas oficiales Italiano
89%
La ciudad más poblada Zurich
86%
Moneda Franco
72%
El tenista más famoso Roger Federer
71%
Suiza está subdividida en 26 ..... Cantones
63%
Los mayores relojeros Rolex
59%
El lago más grande Lago Lemán
58%
Reloj estereotipado con un pájaro dentro Reloj de cuco
53%
Idiomas oficiales Romanche
38%
La figura legendaria que disparó una manzana desde la cabeza de su hijo Guillermo Tell
34%
El principal productor de alimentos Nestlé
33%
El río más largo Rin
30%
El filósofo que influyó en la Revolución Francesa Jean-Jacques Rousseau
27%
La famosa montaña cerca de Zermatt Cervino
22%
La ciudad sede de las Olimpiadas Lausana
19%
Forma de canto alpino Yodel
15%
Los mayores relojeros Omega
14%
Los bancos más grandes Credit Suisse
11%
Mujer ficticia que personifica a Suiza Helvetia
10%
Los bancos más grandes UBS
10%
Ciudad anfitriona de las Olimpiadas Sankt Moritz
9%
No se encontraron pruebas coincidentes
Distribución de puntuación
Porcentaje de gente con cada puntuación
Porcentaje por número respondido
Historial de tus puntuaciones
No has intentado esta prueba.